Municipios Merindad de Estella - Estadísticas

Estadísticas generales
  • Esta prueba ha sido intentada 41 veces
    6 desde el último reinicio
  • La puntuación promedio es 48 de 73
Respuestas en el mapa
Las respuestas están codificadas por una escala verde-roja en el mapa de la prueba según el % correcto abajo.
 
Estadísticas de respuestas
Municipio % Correcto
Ancín
100%
Ayegui / Aiegi
100%
Estella / Lizarra
100%
Eulate
100%
Larraona
100%
Lerín
100%
Lodosa
100%
Oco
100%
San Adrián
100%
Viana
100%
Abárzuza / Abartzuza
80%
Améscoa Baja / Ameskoabarrena
80%
Andosilla
80%
Arróniz
80%
Azagra
80%
Cabredo
80%
Carcar
80%
Dicastillo
80%
Goñi
80%
Guesálaz / Gesalatz
80%
Guirguillano
80%
Lapoblación
80%
Lezáun / Lezaun
80%
Los Arcos
80%
Mañeru
80%
Mendavia
80%
Morentin
80%
Nazar
80%
Sansol
80%
Sartaguda
80%
Sesma
80%
Yerri / Deierri
80%
Zúñiga
80%
Aberin
60%
Aguilar de Codés
60%
Allín
60%
Aranarache / Aranaratxe
60%
Artazu
60%
Bargota
60%
Cirauqui / Zirauki
60%
Desojo
60%
Espronceda
60%
Genevilla
60%
Igúzquiza / Iguzkitza
60%
Lana
60%
Lazagurría
60%
Marañón
60%
Metauten
60%
Mués
60%
Murieta
60%
Oteiza
60%
Salinas de Oro / Jaitz
60%
Torralba del Río
60%
Torres del Río
60%
Villamayor de Monjardín
60%
Villatuerta
60%
Allo
40%
Arellano
40%
Armañanzas
40%
El Busto
40%
Etayo
40%
Luquin
40%
Luquin
40%
Mendaza
40%
Mirafuentes
40%
Olejua
40%
Piedramillera
40%
Sorlada
40%
Aras
20%
Azuelo
20%
Barbarin
20%
Abáibar
0%
Legaria
0%
No se encontraron pruebas coincidentes
Distribución de puntuación
Porcentaje de gente con cada puntuación
Porcentaje por número respondido
Historial de tus puntuaciones
No has intentado esta prueba desde el último reinicio